Sports Quiz

Random Sports Quiz

2009 Speedway Grand Prix Series Quiz Stats

 Plays Quiz not verified by Sporcle

Challenge
Share
Tweet
Embed
Score 0/24 Timer 07:00
0 Plays Today
Points Rider % Correct
159Jason Crump
100%
144Tomasz Gollob
100%
121Greg Hancock
100%
110Nicki Pedersen
100%
81Leigh Adams
100%
62Chris Harris
100%
9Jaroslaw Hampel
100%
138Emil Sayfutdinov
88.9%
91Hans Andersen
88.9%
45Scott Nicholls
88.9%
116Andreas Jonsson
77.8%
7Matej Zagar
77.8%
Points Rider % Correct
98Kenneth Bjerre
66.7%
95Fredrik Lindgren
66.7%
27Antonio Lindback
66.7%
99Rune Holta
55.6%
20Niels-Kristian Iversen
55.6%
6Grigory Laguta
55.6%
66Grzegorz Walasek
44.4%
4Edward Kennett
44.4%
1Matej Kus
44.4%
75Sebastian Ulamek
33.3%
6Adrian Miedzinski
33.3%
2Guglielmo Franchetti
33.3%

You're not logged in!

Compare scores with friends on all Sporcle quizzes.
OR
Log In

You Might Also Like...

Show Comments

Extras

Top Quizzes Today


Score Distribution

Your Account Isn't Verified!

In order to create a playlist on Sporcle, you need to verify the email address you used during registration. Go to your Sporcle Settings to finish the process.

Report this User

Report this user for behavior that violates our Community Guidelines.

Details: